00652 2200169 4500245003600000020002200036250001100058100001400069650002000083005001900103260003800122041001400160084000800174300002300182500026800205336000900473 aSi Anak CahayacTere LiyehText a978-602-5734-54-0 aCet. 1 aTere Liye aNovel Indonesia a20231010103548 aJakartabRepublika Penerbitc2018 aIndonesia a813 a421 hlm. :c21 cm. aBuku ini tentang Nurmas, si anak cahaya yang memiliiki petualngan masa kecil yang penuh keceriaan dan menabjubkan. apa yang sebenarnya dilakukan oleh Nurmas hingga penduduk seluruh kampung selalu mengingat kejadian yang membuatnya resmi di panggil si anak cahaya? atext